MDQL
is popping MORE tags! Check the
thread
!
Quizzes
Events
Quiz Creation
Community
Videos
Private Events
Remove Ads
Sign In
Join for FREE
Feedback
Dark Mode
Quiz Categories
Sports
Geography
Music
Movies
Television
Just For Fun
Miscellaneous
History
Literature
Language
Science
Gaming
Entertainment
Religion
Holiday
For Kids
Quiz Lab
Recent
Popular Today
Quiz Kudos Today
Editor Picks
Curator Picks
Quizzes by...
Day
Popularity
Type
Ratings
Length
Year
Community
Subscriptions
Recent Discussions
Orange Saloon
Badges
Playlists
Quests
Create
Leaderboards
Showdown
Live 5
Trivia Bingo
Activity
Puzzle Library
Sporcle Events
Private Events
Virtual Trivia
Globe League
Become a Host
Pub Owners
SporcleCon
Opinionation
Our Games
Videos
Blog
Mobile Apps
Partnerships
Remove Ads and Go Orange
Feedback
Sports
Athletes
MLB
NBA
NHL
NFL
Soccer
Sports Teams
WWE
NCAA
Football
Premier League
Basketball
Baseball
Hockey
Golf
Tennis
Cricket
Rugby
Auto Racing
Olympics
World Cup
Sports
Athletes
MLB
NBA
NHL
NFL
Soccer
Sports Teams
WWE
NCAA
Football
Premier League
Basketball
Baseball
Hockey
Golf
Tennis
Cricket
Rugby
Auto Racing
Olympics
World Cup
Random Quiz
Search Sporcle
×
Quiz Lab
Quiz Lab
Sports
Auto Racing
Type in answers that appear in a list
Type in answers that appear in a list
Classic
Best Score? Go Orange.
1996 F1 Season Drivers Stats
Can you name the 1996 F1 Season Drivers?
By
coopsdj
7m
24 Questions
416 Plays
416 Plays
416 Plays
Comments
Comments
Give Quiz Kudos
Give Quiz Kudos
-
- Ratings
hide this ad
Replay
Link that replays current quiz
Next Quiz
Link to next quiz in quiz playlist
You Got
0%
They Got
Avg Score
84%
Avg Friend Score
Upgrade to see
Score Distribution
Jump to the score distribution portion of the page
Score
0/24
Timer
07:00
0
Plays Today
Team
Driver
% Correct
Ferrari 1
Michael Schumacher
99.8%
Williams 6
Jacques Villeneuve
98.6%
Ferrari 2
Eddie Irvine
98.3%
Williams 5
Damon Hill
98.1%
McLaren 7
Mika Hakkinen
97.8%
McLaren 8
David Coulthard
97.6%
Benetton 4
Gerhard Berger
96.4%
Benetton 3
Jean Alesi
95.4%
Ligier 9
Olivier Panis
95%
Jordan 11
Rubens Barrichello
94.7%
Sauber 15
Heinz Harald Frentzen
93%
Footwork 17
Jos Verstappen
91.8%
Team
Driver
% Correct
Tyrrell 19
Mika Salo
91.8%
Sauber 14
Johnny Herbert
89.9%
Jordan 12
Martin Brundle
88.7%
Ligier 10
Pedro Diniz
83.4%
Tyrrell 18
Ukyo Katayama
80.5%
Minardi 21
Giancarlo Fisichella
77.9%
Minardi 20
Pedro Lamy
72.8%
Forti 22
Luca Badoer
70.9%
Footwork 16
Ricardo Rosset
64.7%
Minardi 21
Tarso Marques
55.8%
Forti 23
Andrea Montermini
53.6%
Minardi 21
Giovanni Lavaggi
46.4%
Quiz Playlist
Details
Report
Send in Message
Add To Playlist
Classic:
Type in answers that appear in a list
Last Updated: Jul 6, 2022
Quiz Scoreboard
CHALLENGE
Sign Up to Join the Scoreboard
Show All
Scores
Hide
Comments
May contain spoilers
Recently Published
Colored Red Africa Blitz
by spor1
Geography
30s
Find the 'City' Movie
by crazypaving
Movies
60s
5x2 Blitz: Bands
by SL_Kpop136
Music
30s
More to Explore
Quiz From the Vault
Featured Blog Post
14 Easter Pick-up Lines to Find Eggs With
hide this ad
You Might Also Like...
Tags
Auto Racing Quiz
1996
Driver
F1 Season
Formula 1
Formula One
Grand Prix
Nationality
season
team
Today's Top Quizzes in Sports
Browse Sports
hide this ad
Today's Top Quizzes in Auto Racing
Browse Auto Racing
Top Contributed Quizzes in Sports
1
Les entraîneurs de l'OM et du PSG au 21e siècle
2
Les meilleurs buteurs des matchs entre le PSG et l’OM
3
Les joueurs passés par le PSG et l'OM
4
Players with Multiple 50 Home Run Seasons
5
2022 World Cup Stars
6
Criteria MLB: Left Handed Sluggers
7
NBA Logic Puzzle 2.0
8
MLB Players with Two .350 Batting Average Seasons
9
Top 10 NHL Goal Scorers of All Time
10
Les joueurs passés par le LOSC et le RC Lens
Explore More
Trending Topics
Crossword
Marvel
Kpop
Disney
Harry Potter
NBA
Anime
NFL
Song
WWE
Soccer
The Office
Pokémon
Country
Puzzle
hide this ad
More By:
coopsdj
Quiz
Plays
Rating
Category
Featured
Created
1995 F1 Season Drivers
648
4.33
Sports
Feb 22, 2013
2001 F1 Season Drivers
636
5.00
Sports
Feb 22, 2013
1999 F1 Season Drivers
586
4.50
Sports
Feb 22, 2013
1997 F1 Season Drivers
566
4.00
Sports
Feb 22, 2013
1998 F1 Season Drivers
482
4.00
Sports
Feb 22, 2013
Go to Creator's Profile
Score Distribution
Quiz Creator Spotlight
coopsdj
Follow
Send a Message
Quizzes Created
-
Created Quiz Play Count
-
More By This Creator
Popular Quizzes Today
1
Colored Red Africa Blitz
2
Find the 'City' Movie
3
5x2 Blitz: Bands
4
Find the US States - No Outlines Minefield
5
The Countries of the World
6
Find the US States
7
US States
8
Find the Countries of Europe - No Outlines Minefield
More Sports Quizzes
World Cup Winners Crossword: Germany 2014
Quiz Lab
Trending Quizzes
Colored Red Europe Blitz I
Colored Red Europe Blitz II
Colored Red Africa Blitz II
Colored Red Europe Blitz III
Colored Red Africa Blitz III
Recently Updated
How Do You Spell That?
pecheneg
Godzilla Movies
pecheneg
Grab Bag: 4-10 Letters
pecheneg
2024 March Madness Bracket
pecheneg
Famous TV Couples
Peacemaker
Champions League XIs: Real Madrid
pecheneg
Largest US Cities 1790-2010
pecheneg
Rides in Walt Disney World
pecheneg
Most Oscar Losses (Acting)
pecheneg
Beyoncé Albums
pecheneg
Trending Topics
NBA
Disney
Harry Potter
Anime
Marvel
Kpop
Crossword
Pokémon
WWE
NFL
Song
Soccer
The Office
Puzzle
Country
Your Account Isn't Verified!
In order to create a playlist on Sporcle, you need to verify the email address you used during registration. Go to your
Sporcle Settings
to finish the process.
Report this User
Report this user for behavior that violates our
Community Guidelines
.
Details:
Send Report
Go to the Sporcle.com Mobile Site →
Comments